Energy : (Record no. 8282)

MARC details
000 -LEADER
fixed length control field 00814nam a22002412 4500
001 - CONTROL NUMBER
control field 0000012701
005 - DATE AND TIME OF LATEST TRANSACTION
control field 20151217152112.0
008 - FIXED-LENGTH DATA ELEMENTS--GENERAL INFORMATION
fixed length control field 090312s xx 000 0 eng d
020 ## - INTERNATIONAL STANDARD BOOK NUMBER
International Standard Book Number 1559639113 :
040 ## - CATALOGING SOURCE
Original cataloging agency KABU
Transcribing agency KABU
245 10 - TITLE STATEMENT
Title Energy :
Remainder of title science, policy, and the pursuit of sustainability /
Statement of responsibility, etc. edited by Robert Bent, Lloyd Orr, Randall Baker.
250 ## - EDITION STATEMENT
Edition statement 1st ed.
260 ## - PUBLICATION, DISTRIBUTION, ETC. (IMPRINT)
Place of publication, distribution, etc. London :
Name of publisher, distributor, etc. Island Press,
Date of publication, distribution, etc. 2002.
300 ## - PHYSICAL DESCRIPTION
Extent xvi, 257 p.
650 #0 - SUBJECT ADDED ENTRY--TOPICAL TERM
Topical term or geographic name as entry element Power resources
General subdivision Social aspects.
-- 0000169601
650 #0 - SUBJECT ADDED ENTRY--TOPICAL TERM
Topical term or geographic name as entry element Power resources
General subdivision Environmental aspects.
-- 0000156251
700 1# - ADDED ENTRY--PERSONAL NAME
Personal name Bent, Robert D.
-- 0000169602
700 1# - ADDED ENTRY--PERSONAL NAME
Personal name Orr, Lloyd.
-- 0000169603
700 1# - ADDED ENTRY--PERSONAL NAME
Personal name Baker, Randall.
-- 0000169604
852 1# - LOCATION
-- p2274 KES
908 ## - PUT COMMAND PARAMETER (RLIN)
Put command parameter 090312
950 ## - LOCAL HOLDINGS (RLIN)
-- 1
Holdings
Withdrawn status Lost status Source of classification or shelving scheme Not for loan Home library Current library Date acquired Total Checkouts Total Renewals Full call number Barcode Date last seen Date last checked out Price effective from Koha item type
    Library of Congress Classification   Kabarak, Main Campus Kabarak, Main Campus 17/12/2015 2 1 TJ163.2 .E54 2002 c. 1 17116 20/06/2019 13/06/2019 17/12/2015 General Collection
Designed with assistance from East African Informatics Ltd